MARC

LEADER 00000nam0a2200000 4500
001 283469
005 20231101235611.0
020 |a RU  |b 85-7127 
035 |a (RuTPU)RU\TPU\book\307547 
090 |a 283469 
100 |a 20150206d1984 k y0rusy5003 ca 
101 0 |a rus 
102 |a UA 
105 |a y z 001zy 
200 1 |a Строение групп и их подгрупповая характеризация  |e сборник научных трудов  |f Академия наук Украинской ССР (АН УССР), Институт математики ; под ред. С. Н. Черникова 
210 |a Киев  |c Изд-во ИМ АН УССР  |d 1984 
215 |a 145 с. 
320 |a Библиография в конце статей 
606 1 |a Группы, теория  |x (математика)  |2 stltpush  |3 (RuTPU)RU\TPU\subj\8861  |9 36192 
610 1 |a строение 
610 1 |a подгруппы 
610 1 |a заданные свойства 
610 1 |a бесконечные группы 
610 1 |a периодические группы 
610 1 |a абелевы группы 
610 1 |a конечные группы 
610 1 |a факторизации 
675 |a 512.54  |z rus  |v 3 
702 1 |a Черников  |b С. Н.  |g Сергей Николаевич  |4 340 
712 0 2 |a Академия наук Украинской ССР (АН УССР)  |b Институт математики  |2 stltpush  |3 (RuTPU)RU\TPU\col\11281 
801 0 |a RU  |b RuMRKP  |c 19950704  |g psbo 
801 1 |a RU  |b 63413507  |c 20150206 
801 2 |a RU  |b 63413507  |c 20170921  |g RCR 
942 |c BK